| 000 | 00870cam a2200289 i 4500 | ||
|---|---|---|---|
| 001 | 768714001 | ||
| 003 | CO-MdBIC | ||
| 005 | 20231201150343.0 | ||
| 008 | 231201t2000 ck ||||| |||| 00| 0 spa d | ||
| 020 | _a958-33-1311-4 | ||
| 040 |
_bspa. _aCO-MdFUSB _cCO-MdFUSB _dCO-MdFUSBC _erda |
||
| 041 | _aspa | ||
| 082 | 0 | 4 | _aG 232 A872j |
| 100 | 1 | _aAtiencia, Jorge | |
| 245 | 1 | 0 |
_aJesucristo : el último hombre de la historia / Jorge Atiencia _c/ |
| 264 | 1 |
_aBogotá ; Kairós Comunicadores _bkairós, _c[2000] |
|
| 264 | 4 | _c©2000 | |
| 300 |
_a70 Pag _c; |
||
| 336 |
_atexto _btxt _2rdacontent |
||
| 337 |
_2rdamedia _asin mediación _bn |
||
| 338 |
_2rdacarrier _avolumen _bnc |
||
| 505 | 0 | 0 | _aUna reflexión sobre Marcos 13 acerca de la segunda venida de Cristo |
| 650 | 7 |
_aCristología _9239 |
|
| 650 | 7 |
_aEscatología _9213 |
|
| 942 | _cBK | ||
| 945 | _ajohan1477 | ||
| 999 |
_c42345 _d42345 |
||